| 000 | 00595nac a22001691u 4500 | ||
|---|---|---|---|
| 020 | _a8170084245 | ||
| 082 |
_a621.3 _bR1619 |
||
| 090 |
_c915 _d915 |
||
| 100 | _aRajput, R. K. | ||
| 245 | 0 | 0 |
_aComprehensive basic electrical engineering / _cR. K. Rajput. |
| 260 |
_aNew Delhi : _bLaxmi Publications, _c[2000]. |
||
| 300 |
_a469 p. : _billus. _c24 cm. |
||
| 500 | _aIncludes index. | ||
| 650 | 0 | _aElectric engineering. | |
| 942 |
_cBB _k621.3R1619 |
||
| 999 |
_c915 _d915 |
||